| 000 | 00816nam a2200265Ia 4500 | ||
|---|---|---|---|
| 003 | OSt | ||
| 005 | 20220927105313.0 | ||
| 006 | a|||||r|||| 00| 0 | ||
| 007 | ta | ||
| 008 | 220926b |||||||| |||| 00| 0 eng d | ||
| 020 | _a9004150935 | ||
| 024 | _a168339 | ||
| 037 | _cReference Collections | ||
| 040 |
_aRTL _cRTL _beng |
||
| 041 |
_2eng _aeng |
||
| 082 | _a"Y7634, P6" | ||
| 100 |
_aVILJOEN Russel _9371535 |
||
| 245 | 0 | _a"Jan Paerl, a Khoikhoi in Cape colonial society 1761-1851." | |
| 260 |
_aLeiden _bBrill _c2006 |
||
| 300 |
_a"XVIII, 213p" _ccm. |
||
| 490 | _a"TANAP Monagraphs on history of the Asian-European Interaction, Vol 1." | ||
| 500 | _aBibliography p197-207; Glossary p XV-XVI | ||
| 942 |
_h"Y7634, P6" _cCC |
||
| 999 |
_c691687 _d691687 |
||